| 000 | 00483nam a2200181Ia 4500 | ||
|---|---|---|---|
| 003 | 0100 | ||
| 008 | 130227s9999 xx 000 0 und d | ||
| 040 | _cARRUPELIB | ||
| 050 | _aSPC DT2831.O2 N.1 | ||
| 100 |
_aGarbett, G. Kingsley _928478 |
||
| 245 | _aGrowth and change in a Shona ward | ||
| 260 | _aSalisbury | ||
| 260 | _bUniversity College of Rhoidesia & Nyasaland | ||
| 300 | _a100p | ||
| 300 | _b 25cm | ||
| 440 |
_aOccasional paper n.1 _928479 |
||
| 942 |
_2lcc _cMONOGRAPH |
||
| 999 |
_c4952 _d4952 |
||